Sistema de control de bajo costo con arduino para diodos láser
Na minha lista:
| Autor principal: | |
|---|---|
| Formato: | Livro |
| Publicado em: |
[San José, Costa Rica]
2010
|
| Assuntos: | |
| Tags: |
Adicionar Tag
Sem tags, seja o primeiro a adicionar uma tag!
|
MARC
| LEADER | 00000nam a2200000Ia 4500 | ||
|---|---|---|---|
| 003 | 010467 | ||
| 005 | 20221231144029.0 | ||
| 008 | 140114s2010 cr a 000 0 s d | ||
| 040 | |c cru CEDI | ||
| 090 | |a TFG 6350 | ||
| 100 | |a Acuña López, Cristian |9 808 | ||
| 245 | |a Sistema de control de bajo costo con arduino para diodos láser | ||
| 260 | |c 2010 |b [San José, Costa Rica] | ||
| 500 | |a "IE - 0502 Proyecto Eléctrico" Proyecto de graduación (bachillerato de ingeniería eléctrica)--Universidad de Costa Rica. Facultad de Ingeniería. Escuela de Ingeniería Eléctrica | ||
| 648 | |x DIODOS |x DIODOS EMISORES DE LUZ |x RAYOS LASERS |x OPTOELECTRONICA |x CONTROL AUTOMATICO |9 2618 | ||
| 650 | |z DIODOS |9 2619 | ||
| 942 | |c TFG | ||
| 999 | |c 15855 |d 15855 | ||
